| 000 | 01321nam a22003617a 4500 | ||
|---|---|---|---|
| 003 | CHAP | ||
| 005 | 20220329141059.0 | ||
| 008 | 971013s1996 cr a r 00010 spa d | ||
| 010 | _a62304 | ||
| 011 | _a63276 | ||
| 035 | _a67452 | ||
| 040 | _cCHAP | ||
| 082 | 0 | 4 |
_a595.76 _bS4 |
| 100 | 0 | 0 |
_aShannon, Philip J. _9105482 |
| 245 | 1 | _aBiología y control de Phyllophaga spp. | |
| 260 |
_aTurrialba, C.R. : _bCentro Agronómico Tropical de Investigación y Enseñanza, _c1996 |
||
| 300 |
_a132 p. _b: ilus. |
||
| 490 |
_aCATIE. Serie técnica. Informe técnico _v; 277 |
||
| 590 |
_aBATCH-UPD _b10 _c20130110 _lUCH01 _h0347 |
||
| 590 |
_aBATCH-UPD _b10 _c20130110 _lUCH01 _h2110 |
||
| 590 |
_aBATCH-UPD _b10 _c20130410 _lUCH01 _h0020 |
||
| 590 |
_aBATCH-UPD _b10 _c20130410 _lUCH01 _h1642 |
||
| 590 |
_aBATCH-UPD _b10 _c20130914 _lUCH01 _h0841 |
||
| 590 |
_aCONVERSION _b10 _c20130109 _lUCH01 _h1333 |
||
| 650 | 1 | 4 |
_aColeópteros. _925123 |
| 650 | 1 | 4 |
_aPhyllophaga. _987881 |
| 700 | 0 |
_aCarballo, Manuel. _918804 |
|
| 711 | 0 |
_aSeminario-Taller Centroamericano sobre la Biología y el Control de Phyllophaga spp. (1994 : Turrialba, C.R.) _9104372 |
|
| 830 | 0 |
_aCATIE. Serie técnica. Informe técnico _v; 277 _920518 |
|
| 901 | _aBK | ||
| 942 | _cLIBRO | ||
| 949 |
_a595.76 S4 _bBC _cLIBRO _d33724000633152 _eLIBRO _h91888 _i67452 _mD _si |
||
| 999 |
_c62304 _d62304 |
||